Boom time for property tribunals (Record no. 84517)
[ view plain ]
| 000 -LEADER | |
|---|---|
| fixed length control field | 01912cab a22002415a 4500 |
| 001 - CONTROL NUMBER | |
| control field | L158114 |
| 008 - FIXED-LENGTH DATA ELEMENTS--GENERAL INFORMATION | |
| fixed length control field | 140619e2014 xxk 000 0 eng d |
| 035 ## - SYSTEM CONTROL NUMBER | |
| System control number | (Sirsi) u158114 |
| 041 0# - LANGUAGE CODE | |
| Language code of text/sound track or separate title | eng |
| 100 1# - MAIN ENTRY--PERSONAL NAME | |
| Personal name | Loveday, Mark |
| 245 00 - TITLE STATEMENT | |
| Title | Boom time for property tribunals |
| 490 ## - SERIES STATEMENT | |
| Series statement | Estates Gazette |
| Volume/sequential designation | (1424) 14 June 2014, 88-90(3) |
| 520 ## - SUMMARY, ETC. | |
| Summary, etc. | Reviews the work and procedures of the First Tier Tribunal (Property Chamber) (FTT) which took over responsibility for the functions of a number of bodies which dealt with property disputes on 1 July 2013 in England These included Leasehold Valuation Tribunal, Rent Assessment Committees, Residential Property Tribunal, Agricultural Lands Tribunal and the Adjudicator to HM Land Registry. Its jurisdiction applied to England only. In Wales, the tribunal structure continues under the Residential Property Tribunal Wales system. Appeals from the FTT are dealt with by the Upper Tribunal (Lands Chamber). Notes that there have been a significant increase in leasehold enfranchisement applications and residential service charge and management disputes partially due a number of long leases granted in the 1960s 1970s and 1980s falling below the 80 years when it became more expensive to extend leases due to inclusion of marriage value. Graphs show number of breakdown of applications by sector and number of applications and whether rental, leasehold enfranchisement or leasehold management. FTT also deals with disputes involving mobile and park homes. |
| 590 ## - LOCAL NOTE (RLIN) | |
| Local note | KA |
| 650 24 - SUBJECT ADDED ENTRY--TOPICAL TERM | |
| Topical term or geographic name entry element | LEASEHOLD REFORM ACT 1967 |
| 650 24 - SUBJECT ADDED ENTRY--TOPICAL TERM | |
| Topical term or geographic name entry element | LEASEHOLD REFORM, HOUSING AND URBAN DEVELOPMENT ACT 1993 |
| 650 24 - SUBJECT ADDED ENTRY--TOPICAL TERM | |
| Topical term or geographic name entry element | TRIBUNAL PROCEDURE (FIRST TIER TRIBUNAL) (PROPERTY CHAMBER) RULES 2013 |
| 651 #4 - SUBJECT ADDED ENTRY--GEOGRAPHIC NAME | |
| Geographic name | England |
| 690 ## - LOCAL SUBJECT ADDED ENTRY--TOPICAL TERM (OCLC, RLIN) | |
| Topical term or geographic name as entry element | TRIBUNAL PROCEDURE (UPPER TRIBUNAL) (LANDS CHAMBER) RULES 2010 |
| 690 ## - LOCAL SUBJECT ADDED ENTRY--TOPICAL TERM (OCLC, RLIN) | |
| Topical term or geographic name as entry element | Residential property |
| 9 (RLIN) | 6266 |
| 690 ## - LOCAL SUBJECT ADDED ENTRY--TOPICAL TERM (OCLC, RLIN) | |
| Topical term or geographic name as entry element | Valuation |
| 9 (RLIN) | 6273 |
| 942 ## - ADDED ENTRY ELEMENTS (KOHA) | |
| Suppress in OPAC | 0 |
| Withdrawn status | Lost status | Source of classification or shelving scheme | Damaged status | Not for loan | Home library | Current library | Shelving location | Date acquired | Total Checkouts | Full call number | Barcode | Date last seen | Copy number | Price effective from | Koha item type |
|---|---|---|---|---|---|---|---|---|---|---|---|---|---|---|---|
| Dewey Decimal Classification | London | London | Journal article | 19/06/2014 | L158114 | 158114-1001 | 06/08/2019 | 1 | 06/08/2019 | Journal article |